000 00759nam a2200277Ia 4500
005 20250425161820.0
008 250425s9999 xx 000 0 und d
020 _a9701010183
041 _aspa
043 _ack
082 _a650.1
100 _aRYE, DAVID E.
245 0 _aEL JUEGO EMPRESARIAL: JUEGUE A GANAR DESARROLLANDO SUS HABILIDADES EN LA TOMA DE DECISIONES EN NEGOCIOS
250 _a1A ED.
260 _aBOGOTA
260 _aColombia
_bMCGRAW-HILL
_c1996
300 _a299
650 _aEXITO EMPRESARIAL
650 _aGESTION EMPRESARIAL
650 _aLIDERES
650 _aNEGOCIOS-PROCESAMIENTO DE DATOS
650 _aPLANEACION ESTRATEGICA
700 _aDIANA TREJO GUTIERREZ
_etraductor
942 _c01
010 _a30870
999 _c216688
_d216688